Vedenie účtovníctva v konkrétnom poľnohospodárskom družstve diplomová práca

Gespeichert in:
Bibliographische Detailangaben
1. Verfasser: Víšková, Lucie
Körperschaft: Fakulta hospodárskej informatiky EU. Katedra účtovníctva a audítorstva
Weitere Verfasser: Máziková, Katarína
Format: Buch
Sprache:Slowakisch
Veröffentlicht: Bratislava 2010
Tags: Tag hinzufügen
Keine Tags, Fügen Sie das erste Tag hinzu!

MARC

LEADER 00000nam$a2200000$$$4500
001 0120351
005 20240318123714.8
041 0 |a slo 
044 |a SK 
245 1 0 |a Vedenie účtovníctva v konkrétnom poľnohospodárskom družstve  |b diplomová práca  |c Lucie Víšková ; škol. Katarína Máziková 
264 1 |a Bratislava  |c 2010 
300 |a 62 s. 
100 1 |a Víšková, Lucie 
700 1 |a Máziková, Katarína 
710 2 |a Fakulta hospodárskej informatiky EU. Katedra účtovníctva a audítorstva